<?xml version="1.0" encoding="UTF-8"?><?xml-stylesheet type="text/xsl" href="static/style.xsl"?><OAI-PMH xmlns="http://www.openarchives.org/OAI/2.0/" xmlns:xsi="http://www.w3.org/2001/XMLSchema-instance" xsi:schemaLocation="http://www.openarchives.org/OAI/2.0/ http://www.openarchives.org/OAI/2.0/OAI-PMH.xsd"><responseDate>2026-06-02T12:45:35Z</responseDate><request verb="GetRecord" identifier="oai:riuma.uma.es:10630/30519" metadataPrefix="marc">https://riuma.uma.es/rest/oai/request</request><GetRecord><record><header><identifier>oai:riuma.uma.es:10630/30519</identifier><datestamp>2026-02-03T11:32:19Z</datestamp><setSpec>com_10630_2254</setSpec><setSpec>col_10630_37953</setSpec></header><metadata><record xmlns="http://www.loc.gov/MARC21/slim" xmlns:dcterms="http://purl.org/dc/terms/" xmlns:doc="http://www.lyncode.com/xoai" xmlns:xsi="http://www.w3.org/2001/XMLSchema-instance" xsi:schemaLocation="http://www.loc.gov/MARC21/slim http://www.loc.gov/standards/marcxml/schema/MARC21slim.xsd">
   <leader>00925njm 22002777a 4500</leader>
   <datafield ind2=" " ind1=" " tag="042">
      <subfield code="a">dc</subfield>
   </datafield>
   <datafield ind2=" " ind1=" " tag="720">
      <subfield code="a">Crespo Guerrero, José Manuel</subfield>
      <subfield code="e">author</subfield>
   </datafield>
   <datafield ind2=" " ind1=" " tag="720">
      <subfield code="a">Jiménez Pelcastre, Araceli</subfield>
      <subfield code="e">author</subfield>
   </datafield>
   <datafield ind2=" " ind1=" " tag="260">
      <subfield code="c">2022-12-30</subfield>
   </datafield>
   <datafield ind2=" " ind1=" " tag="520">
      <subfield code="a">La pesca en el lago Metztitlán (estado de Hidalgo) acontece desde tiempos inmemoriales, sin embargo, escasean los estudios enfocados en lo social. Conjugando metodologías geográficas y antropológicas, se reconstruyen los procesos territoriales sucedidos en el lago desde los años 1950, década a la que se remontan los recuerdos de los actores entrevistados, hasta 2020 último año en el que el lago se secó. Asimismo, se indaga sobre las relaciones establecidas entre dos territorialidades superpuestas: la estatal (relativa al Estado) y la comunitaria (vinculada a los acuerdos locales). Los resultados distinguen tres etapas: «no capitalista» (1950-1984), «capitalista productivista» (1985-1999) y «hacia el capitalismo verde» (2000-2020); también fundamentan que el lago se convirtió en un territorio capitalista por los poderes públicos que, si bien inicialmente entendieron la pesca como medio para mejorar la alimentación de la comarca, más adelante la convertirían en una actividad comercial; por último, confirman que las relaciones territoriales establecidas son convergentes.</subfield>
   </datafield>
   <datafield ind1="8" ind2=" " tag="024">
      <subfield code="a">Crespo Guerrero, José Manuel, y Jiménez Pelcastre, Araceli (2022). Procesos territoriales y territorialidades superpuestas en el manejo de los recursos ícticos del lago Metztitlán (México): 1950-2020. Disparidades Revista de Antropología. Consejo Superior de Investigaciones Científicas de España</subfield>
   </datafield>
   <datafield ind1="8" ind2=" " tag="024">
      <subfield code="a">2659-6881</subfield>
   </datafield>
   <datafield ind1="8" ind2=" " tag="024">
      <subfield code="a">https://hdl.handle.net/10630/30519</subfield>
   </datafield>
   <datafield ind1="8" ind2=" " tag="024">
      <subfield code="a">10.3989/dra.2022.023</subfield>
   </datafield>
   <datafield tag="653" ind2=" " ind1=" ">
      <subfield code="a">Pesca - México - Aspectos económicos</subfield>
   </datafield>
   <datafield tag="653" ind2=" " ind1=" ">
      <subfield code="a">Ordenación del territorio - México</subfield>
   </datafield>
   <datafield ind2="0" ind1="0" tag="245">
      <subfield code="a">Procesos territoriales y territorialidades superpuestas en el manejo de los recursos ícticos del lago Metztitlán (México): 1950-2020</subfield>
   </datafield>
</record>
</metadata></record></GetRecord></OAI-PMH>